Selected Decisions (11th Ed).

This paper presents Selected Decisions and Selected Documents' Eleventh Issue of the IMF. This volume, the Eleventh Issue of Selected Decisions of the IMF and Selected Documents, presents the decisions, interpretations, and resolutions of the Executive Board and the Board of Governors of the IM...

Popoln opis

Bibliografske podrobnosti
Korporativna značnica: International Monetary Fund
Format: Revija
Jezik:English
Izdano: Washington, D.C. : International Monetary Fund, 1985.
Serija:Selected Decisions; Issue, Year
Teme:
Online dostop:Full text available on IMF
LEADER 02136cas a2200301 a 4500
001 AALejournalIMF022124
008 230101c9999 xx r poo 0 0eng d
020 |c 15.00 USD 
020 |z 9781475584929 
022 |a 1087-4275 
040 |a BD-DhAAL  |c BD-DhAAL 
110 2 |a International Monetary Fund. 
245 1 0 |a Selected Decisions (11th Ed). 
264 1 |a Washington, D.C. :  |b International Monetary Fund,  |c 1985. 
300 |a 1 online resource (498 pages) 
490 1 |a Selected Decisions 
500 |a <strong>Off-Campus Access:</strong> No User ID or Password Required 
500 |a <strong>On-Campus Access:</strong> No User ID or Password Required 
506 |a Electronic access restricted to authorized BRAC University faculty, staff and students 
520 3 |a This paper presents Selected Decisions and Selected Documents' Eleventh Issue of the IMF. This volume, the Eleventh Issue of Selected Decisions of the IMF and Selected Documents, presents the decisions, interpretations, and resolutions of the Executive Board and the Board of Governors of the IMF to which frequent reference is made in the current activities of the IMF. In addition, the volume contains certain documents relating to the IMF and the United Nations. With few exceptions, the decisions are of a general nature and relate to certain obligations, policies, and procedures under the Articles of Agreement. The issue contains most of the decisions published in the Tenth Issue and in the Supplement to that issue that remain in effect, as well as new decisions adopted after the publication of the Supplement. Decisions of the Fund that are incorporated in the By-Laws, Rules and Regulations are not reproduced in this volume. 
538 |a Mode of access: Internet 
650 7 |a Allocations Of Special Drawing Rights  |2 imf 
650 7 |a Capital Transfer  |2 imf 
650 7 |a Decision No. 1238  |2 imf 
650 7 |a Seld  |2 imf 
651 7 |a United States  |2 imf 
830 0 |a Selected Decisions; Issue, Year 
856 4 0 |z Full text available on IMF  |u http://elibrary.imf.org/view/books/014/20942-9781475584929-en/20942-9781475584929-en-book.xml  |z IMF e-Library